Alternatívne metódy výučby e-learning = Alternativ methods of teaching, e-learning : Diplomová práca

Enregistré dans:
Détails bibliographiques
Auteur principal: Letenayová, Simona (Auteur)
Autres auteurs: Halusková, Soňa, 1953- (xxx)
Format: Manuscrit Livre
Langue:slovaque
Publié: Trnava : STU v Bratislave MTF UIPH, 2009
Sujets:
Tags: Ajouter un tag
Pas de tags, Soyez le premier à ajouter un tag!

MARC

LEADER 00000ntm a22000003a 4500
001 stu198553
005 20160719160046.2
008 100120s2009----xo------------------slo-d
040 |a STU  |b slo 
041 0 |a slo 
044 |a xo 
100 1 |a Letenayová, Simona  |4 aut 
245 1 |a Alternatívne metódy výučby e-learning = Alternativ methods of teaching, e-learning :  |b Diplomová práca 
260 |a Trnava :  |b STU v Bratislave MTF UIPH,  |c 2009 
300 |a 70 s  |c 1 CD-ROM 
500 |a Študijný program: učiteľstvo technických profesijných predmetov 
500 |a Študijný odbor: 1.1.2 učiteľstvo profesijných predmetov a praktickej prípravy 
650 7 |a e-learning  |2 estusub 
700 1 |a Halusková, Soňa,  |d 1953-  |4 xxx  |u J0080  |U SjF Strojnícka fakulta  |T SjF Ústav matematiky a fyziky  |X 2478  |U J0080  |Y 808  |7 A000002478 
996 |b 284M077674  |c M*DP-8738  |l MMSKP  |s P  |a 0  |w stu198553_0001